000 00603nam a2200229Ia 4500
003 OSt
005 20220918174729.0
006 a|||||r|||| 00| 0
007 ta
008 220917b |||||||| |||| 00| 0 eng d
024 _a13,815
037 _cTextual
040 _aARTS
_cARTS
_beng
041 _2eng
_aeng
082 _aNA,M22, L0
100 _aBrawne Michael
_951533
245 0 _aLibraries
_b architecture and equipment
260 _aNewYork
_bPraeger Publishers USA
_c1970
650 _aARTS
942 _hNA,M22, L0
_cTEXL
_2CC
999 _c154419
_d154419